| 000 | 00923nas a2200289 4500 | ||
|---|---|---|---|
| 001 | BR0305288 | ||
| 003 | BR-BrBNA | ||
| 005 | 20231205104128.0 | ||
| 007 | ta | ||
| 008 | 230509b bl.|||p| |||| 00| 00por d | ||
| 040 |
_aBR-BrBNA _bpor _cBiblioteca Nacional de Agricultura |
||
| 041 | _a(Pt) | ||
| 072 | _aH10 | ||
| 100 | 1 | _aRaga, A. | |
| 100 | 1 | _aMachado, R.A. | |
| 100 | 1 | _aCosta, A.A. | |
| 100 | 1 | _aSouza Filho, M.F. de | |
| 100 | 1 | _aVeiga, R.F. de A. | |
| 100 | 1 | _aSaes, L.A. | |
| 245 | 1 | _aPrimeiro relato de ocorrência de Anastrepha serpentina e Anastrepha leptozona (Dip.: Tephritidae)em abiu (Pouteria Caimito)no Estado de São Paulo | |
| 650 | _aABIU | ||
| 650 | _aMOSCA DAS FRUTAS | ||
| 650 | _aSÃO PAULO | ||
| 773 | 0 |
_tRevista Brasileira de Fruticultura (Brazil) _xISSN 0100-2945 _g(Aug 2003), v. 25(2) p. 337-338 _wBR0305288 |
|
| 909 |
_a202311 _bLúcia _c55 _dLúcia Elande |
||
| 942 |
_2AGRIS _n0 _cANA |
||
| 999 |
_c176523 _d176523 |
||